All running shoe brands - Statistiques

Statistiques générales
  • Ce quiz a été pris 82 fois
    21 depuis la dernière actualisation
  • Le résultat moyen est 8 sur 12
Statistiques - réponses
Réponse % Correct
Adidas
100%
Nike
100%
Asics
89%
Puma
89%
New Balance
78%
Brooks
67%
Salomon
67%
Hoka
61%
Kiprun
56%
On
56%
Saucony
33%
Mizuno
22%
Aucun quiz correspondant
Distribution des résultats
% des personnes avec chaque résultat
Percentile par nombre de réponses
Votre historique - résultats
Vous n’avez pas pris ce quiz depuis la dernière actualisation